00406nam a2200133Ia 4500008004100000082001400041100002200055245004100077260001800118600001500136942000700151952009700158999001700255241002s9999 xx 000 0 und d a172.1 RUS aRussell, Bertrand 0aHuman Society in Ethics and Politics aLondon:c1954 aPhilosophy cUC 00104070aUITUbUITUd1994-01-01l0o172.1 RUSpUC303r2024-10-02 09:31:16w2024-10-02yUC c18630d18630